00342nam a22001097a 4500020001800000082001700018100001800035245006200053260004400115300002100159880005200180 a9787549550159 a895.14 bLON aLong, Yingtai aTake your Time, Child ( Chinese Edition ) /cYingtai Long bGuangxi Normal University Press,c2014. a151 p. ;c23 cm. 6245-02\ra孩子,你慢慢来(彩插新版) /